| 000 | 00493nam a2200181Ia 4500 | ||
|---|---|---|---|
| 003 | GCL | ||
| 008 | 140319s9999 xx 000 0 eng d | ||
| 040 |
_aGCL / _cGCL |
||
| 082 | 0 | 4 |
_a759.05 _bA C |
| 100 | 1 | _aACKERMAN, GERALD | |
| 245 | 1 | 0 |
_aJEAN - LEON GEROME: SA VIE, SON OEUVRE 1824 - 1904 / _cACKERMAN, GERALD |
| 260 |
_a[S.N] : _bACR POCHE COULEUR ، _c1997 |
||
| 300 | _a192 P | ||
| 650 | 0 | 4 | _aGEROME, JEAN-LEON |
| 650 | 0 | 4 | _aARTS |
| 650 | 0 | 4 | _aPAINTERS - BIOGRAPHY |
| 942 |
_2ddc _cBK |
||
| 999 |
_c16099 _d16099 |
||